La Batalla por Puno : (Record no. 23663)

000 -CABECERA
fixed length control field 01046nam a22002657i 4500
003 - IDENTIFICADOR DEL NÚMERO DE CONTROL
control field AR-CdUCM
008 - DATOS DE LONGITUD FIJA--INFORMACIÓN GENERAL
fixed length control field 260429b20162016 pe||||| |||| 00| 0 spa d
020 ## - NÚMERO INTERNACIONAL ESTÁNDAR DEL LIBRO
ISBN 978-612-46985-3-8
040 ## - FUENTE DE LA CATALOGACIÓN
Agencia/entidad que catalogó originalmente la obra MUNICIPALIDAD PROVINCIAL DEL CUSCO
Entidad que transcribió la catalogación BIBLIOTECA MUNICIPAL DEL CUSCO
082 ## - NÚMERO DE LA CLASIFICACIÓN DECIMAL DEWEY
No. de Clasificación 985.62
Notacion interna R41
100 ## - ENTRADA PRINCIPAL--NOMBRE DE PERSONA
Nombre Personal Rénique, José Luis
245 ## - MENCIÓN DE TÍTULO
Título La Batalla por Puno :
Resto del título Conflicto agrario y nación en los andes peruanos /
260 ## - PUBLICACIÓN, DISTRIBUCIÓN, ETC.
Lugar de publicación, distribución, etc. Juliaca-Puno, Perú
Nombre de la editorial, distribuidor, etc. Universidad Nacional de Juliaca
Fecha de publicación, distribución, etc. 2022
300 ## - DESCRIPCIÓN FÍSICA
Nº de Páginas Extensión 568 páginas. :
Dimensiones 22x14 cm.
500 ## - NOTA GENERAL
Bibliografía Páginas: 521-567
505 ## - NOTA DE CONTENIDO CON FORMATO
Nota de contenido formateada Indios e Indigenistas -- De la patria nueva al Tawantinsuyo .. Del impasse a la reforma agraria -- De la tutela al desarrollo -- Juliaca y la política chola -- Campesinitas y revolucionarios -- Mariateguismo armado
650 ## - PUNTO DE ACCESO ADICIONAL DE MATERIA--TÉRMINO DE MATERIA
Descriptor El indio
9 (RLIN) 32013
650 ## - PUNTO DE ACCESO ADICIONAL DE MATERIA--TÉRMINO DE MATERIA
Descriptor Indigenismo
9 (RLIN) 208
650 ## - PUNTO DE ACCESO ADICIONAL DE MATERIA--TÉRMINO DE MATERIA
Descriptor Haciendas
9 (RLIN) 6478
650 ## - PUNTO DE ACCESO ADICIONAL DE MATERIA--TÉRMINO DE MATERIA
Descriptor Presidente comunero
9 (RLIN) 52829
856 ## - LOCALIZACIÓN Y ACCESO ELECTRÓNICOS
Dirección electrónica www.unaj.edu.pe
942 ## - ELEMENTOS DE PUNTO DE ACCESO ADICIONAL (KOHA)
Fuente de clasificación
Tipo de item Libros-BMC
945 ## - PROCESAMIENTO DE INFORMACIÓN LOCAL (OCLC)
Catalogador pbjr
AAAA-MM-DD - Fecha de ingreso o modificacion 29-04-2026
Holdings
Estado de retiro (separado) Fuente de clasificación o esquema de estanterías Estado dañado Ubicación Sala donde se ubica Nombre de la colección Fecha de adquisición o compra Fuente de adquisición Costo, precio normal en soles Signatura topográfica Código de Barras Última vez visto (Koha) Tipo de ítem (Koha)
No     Sala Humanidades Sala Humanidades Book Cart 2026-04-29 Donación 50.00 985.62 / R41 SH0000017107 2026-04-29 Libros-BMC
No     Sala Humanidades Sala Humanidades Book Cart 2026-04-29 Donación 5.00 985.62 / R41 / e.2 SH0000017108 2026-04-29 Libros-BMC

Powered by Koha